000
00317 a2200169 4500
001
175432
020
_a
85-02-04032-4
040
_c
Magnum
100
_a
Lopes, Sônia
240
1
0
_a
Bio 1
_l
por
245
1
0
_a
Bio 1
300
_a
430
362
0
_a
2002
440
1
_a
Saraiva
697
_a
BIOLOGIA
942
_c
BK
999
_c
175432
_d
175432